[Event "Sala op"]
[Site "Sala"]
[Date "1995.??.??"]
[Round "2"]
[White "Movsesian, Sergei"]
[Black "Brestak, Jan"]
[Result "1-0"]
[WhiteElo "2435"]
[BlackElo "2225"]

1.e4 Nc6 2.Nf3 d6 3.d4 Bg4 4.d5 Nb8 5.c4 e6 6.Nc3 Nd7 7.Be2 Be7 8.dxe6 Bxe6
9.Nd4 Bf6 10.f4 Nb6 11.O-O Qe7 12.b3 h5 13.Bb2 Bg4 14.Re1 Bxe2 15.Rxe2 O-O-O
16.a4 a5 17.Ncb5 c6 18.Nf5 Qd7 19.Nbxd6+ Kb8 20.e5 Nh6 21.Nxh6 gxh6 22.c5 Nd5
23.exf6 Rhg8 24.Be5 Ka7 25.Qe1 Nb4 26.Kh1 Qg4 27.h3 Qe6 28.Bc3 Qxb3 29.Rb1 Qd5
30.Rd2  1-0

[Event "Sala op"]
[Site "Sala"]
[Date "1995.??.??"]
[Round "3"]
[White "Dambrauskas, Virginijus"]
[Black "Movsesian, Sergei"]
[Result "0-1"]
[WhiteElo "2340"]
[BlackElo "2435"]

1.Nf3 Nf6 2.c4 c6 3.Nc3 d6 4.d4 Nbd7 5.e3 e5 6.Bd3 g6 7.O-O Bg7 8.b4 O-O
9.Bb2 Ne8 10.Qc2 f5 11.dxe5 dxe5 12.e4 f4 13.c5 Kh8 14.Bc4 Qe7 15.Rfd1 g5
16.h3 h5 17.Kf1 g4 18.hxg4 hxg4 19.Nd2 b5 20.Bb3 Ndf6 21.a4 Nh5 22.axb5 Qh4
23.bxc6 f3 24.gxf3 Nf4 25.Ke1 g3 26.Nc4 g2 27.Ne2 Nxe2 28.Kxe2 Rxf3 29.Kxf3 Qh3+
30.Ke2 Bg4+ 31.Kd2 Rd8+  0-1

[Event "Sala op"]
[Site "Sala"]
[Date "1995.??.??"]
[Round "4"]
[White "Movsesian, Sergei"]
[Black "Konopka, Michal"]
[Result "1/2-1/2"]
[WhiteElo "2435"]
[BlackElo "2395"]

1.e4 Nf6 2.e5 Nd5 3.d4 d6 4.Nf3 Nb6 5.a4 a5 6.Bb5+ c6 7.Bd3 dxe5 8.Nxe5 g6
9.O-O Bg7 10.c3 O-O 11.Re1 N8d7 12.Nf3 Nf6 13.h3 Qc7 14.Bg5 Be6 15.Nbd2 Rfe8
16.Qc2 Nfd5 17.Bh4 Qc8 18.Bg3 Bh6 19.Ne4 Bf5 20.Qb3 Nd7 21.Bc4 Bxe4 22.Rxe4 N7f6
23.Ree1 e6 24.Bf1 Nh5 25.Bh2 Bf4 26.Bxf4 Nhxf4 27.Re5 Nh5 28.Rae1 Nhf6 29.g3 Qc7
30.R5e2 Kg7 31.Ne5 Nd7 32.Nd3 Qb6 33.Qa3 Rad8 34.Bg2 Qa6 35.Rd2 Qb6 36.c4 N5f6
37.Qc3 Nb8 38.Nc5 Qc7 39.Nb3 b6 40.c5 Nd5 41.Bxd5 Rxd5 42.cxb6 Qxb6 43.Re5 Nd7
44.Rxd5 cxd5 45.Nxa5 Nf6 46.Re2 Qa6 47.Qe1 Rc8 48.b4 Qd3 49.Re3 Qxd4 50.Nb3 Qb2
51.Nc5 Ne4 52.Re2 Qa3 53.Re3 Qb2 54.Re2  1/2-1/2

[Event "Sala op"]
[Site "Sala"]
[Date "1995.??.??"]
[Round "7"]
[White "Oral, Tomas"]
[Black "Movsesian, Sergei"]
[Result "1-0"]
[WhiteElo "2405"]
[BlackElo "2435"]

1.e4 c5 2.Nf3 e6 3.d4 cxd4 4.Nxd4 Nf6 5.Nc3 d6 6.Bc4 a6 7.Bb3 b5 8.O-O Be7
9.f4 Bb7 10.f5 e5 11.Nde2 Nbd7 12.Bg5 h5 13.Bxf6 Nxf6 14.Qd3 h4 15.h3 Rc8
16.a4 b4 17.Nd5 Bxd5 18.Bxd5 Qa5 19.Kh1 Rc5 20.Nc1 Rxd5 21.exd5 e4 22.Nb3 Qxd5
23.Qxa6 O-O 24.Qb5 Qa8 25.Nd4 Rc8 26.a5 Nh5 27.Ne2 Rc5 28.Qxb4 Rxc2 29.a6 Rxe2
30.a7 Ng3+ 31.Kg1 Rc2 32.Qb8+ Rc8 33.Qxc8+ Qxc8 34.a8=Q Qxa8 35.Rxa8+ Kh7
36.f6 Bxf6 37.Rxf6 gxf6 38.Kf2 f5 39.Rd8 Kg6 40.Rxd6+ Kg5 41.b4 Kf4 42.b5 Nh1+
43.Ke1 Ke3 44.Ra6 Nf2 45.Ra3+ Nd3+ 46.Rxd3+ exd3 47.b6 d2+ 48.Kd1  1-0

[Event "SVK-chT"]
[Site "?"]
[Date "1995.??.??"]
[Round "?"]
[White "Balogh, Tomas"]
[Black "Movsesian, Sergei"]
[Result "1/2-1/2"]
[WhiteElo "2300"]
[BlackElo "2435"]

1.d4 Nf6 2.c4 d6 3.Nc3 Nbd7 4.e4 e5 5.d5 Nc5 6.f3 a5 7.Be3 Be7 8.Qd2 h6 9.Nge2 Nh7
10.g4 Bg5 11.Ng3 Nf8 12.O-O-O Bxe3 13.Qxe3 Qg5 14.Kd2 Ng6 15.Nf5 Bxf5 16.gxf5 Nh4
17.Be2 Qxe3+ 18.Kxe3 g6 19.fxg6 fxg6 20.Rhg1 O-O 21.Rdf1 Rf4 22.Nb5 Rc8 23.Rd1 g5
24.a3 a4 25.Rdf1 Kh7 26.Nc3 Rcf8 27.Rg3 Ng6 28.Bd1 Ne7 29.Rf2 Nc8 30.Nxa4 Nxa4
31.Bxa4 Nb6 32.Bb3 Nd7 33.Rg4 R4f7 34.Bd1 Nf6 35.Rgg2 Nh5 36.Rc2 Nf4 37.Rg1 c5
38.Rc3 Ra8 39.Rb3 Ra4 40.Rc3 Ra6 41.Rb3 Ra4 42.Rc3 Ra6 43.Rb3  1/2-1/2

[Event "SVK-ch"]
[Site "Trencin"]
[Date "1995.??.??"]
[Round "3"]
[White "Movsesian, Sergei"]
[Black "Certek, Pavel"]
[Result "1-0"]
[WhiteElo "2470"]
[BlackElo "2285"]

1.e4 c5 2.Nc3 g6 3.Nf3 Bg7 4.Bc4 Nc6 5.O-O e6 6.d4 Nxd4 7.Nxd4 cxd4 8.Nb5 Ne7
9.Bf4 d5 10.exd5 O-O 11.Bc7 Qd7 12.dxe6 Qc6 13.exf7+ Kh8 14.Bd6 Qxc4 15.Bxe7 Qxb5
16.Bxf8 Qd5 17.Bxg7+ Kxg7 18.Qd2 Be6 19.Rad1 Rd8 20.Rfe1 Bxf7 21.Qf4 Kg8
22.Re7 Qxa2 23.Rxb7 d3 24.cxd3 Rxd3 25.Qb8+ Kg7 26.Qe5+  1-0

[Event "SVK-ch"]
[Site "Trencin"]
[Date "1995.??.??"]
[Round "5"]
[White "Movsesian, Sergei"]
[Black "Kogan, Artur"]
[Result "1-0"]
[WhiteElo "2470"]
[BlackElo "2495"]

1.e4 e5 2.Nf3 Nc6 3.Bb5 Bc5 4.O-O Nge7 5.Nxe5 Nxe5 6.d4 Bd6 7.dxe5 Bxe5 8.Qh5 Ng6
9.f4 c6 10.Bc4 Bxb2 11.Bxf7+ Kxf7 12.Bxb2 Qb6+ 13.Kh1 Qxb2 14.f5 Qxa1 15.fxg6+ Ke7
16.c3 Qxa2 17.gxh7 Qc4 18.Qg5+ Ke8 19.Nd2 Qxc3 20.e5 Qd3 21.Rf5 d5 22.Qxg7 Bxf5
23.Qxh8+ Ke7 24.Qf6+ Kd7 25.Qf7+  1-0

[Event "SVK-ch"]
[Site "Trencin"]
[Date "1995.??.??"]
[Round "8"]
[White "Zpevak, Pavel"]
[Black "Movsesian, Sergei"]
[Result "1/2-1/2"]
[WhiteElo "2355"]
[BlackElo "2470"]

1.d4 d6 2.c4 e5 3.Nf3 Nd7 4.Nc3 c6 5.e4 g6 6.g3 Bg7 7.Bg2 Ne7 8.dxe5 Nxe5
9.Nxe5 dxe5 10.Qxd8+ Kxd8 11.Be3 Be6 12.b3 h5 13.h4 f5 14.O-O-O+ Ke8 15.Bh3 Kf7
16.Kc2 Rhe8 17.Rhe1 Ng8 18.Re2 Nf6 19.f3 Bf8 20.Bf2 b6 21.Kb2 Rad8 22.Kc2 Rxd1
23.Kxd1 Bc8 24.exf5 gxf5 25.Kc2 Bh6 26.a4 Bd7 27.a5 c5 28.axb6 axb6 29.Re1 Kg6
30.Rd1 Bc6 31.Bg2 Re6 32.Bh1 e4 33.fxe4 fxe4 34.Nd5 Bxd5 35.cxd5 Rd6 36.g4 hxg4
37.Bg3 Rd7 38.Be5 e3 39.d6 Kf5 40.Bxf6 Kxf6 41.Bc6 Rd8 42.d7 Ke7 43.Kd3 Rf8
44.Ra1 g3 45.Ra2 Kd6 46.Bb5 Kc7 47.Ra7+ Kb8 48.Ra4 Kc7 49.Ra7+ Kd6 50.Ra4 Bg7
51.Rf4 Ra8 52.Ra4 Rh8 53.Rg4 Be5 54.Kxe3 Kc7 55.h5 Rf8 56.h6 Rh8 57.h7 Rxh7
58.Rg8 Rxd7 59.Bxd7 Kxd7 60.Ke4 Bd4 61.Rxg3 Kc6 62.b4  1/2-1/2

[Event "SVK-ch"]
[Site "Trencin"]
[Date "1995.??.??"]
[Round "10"]
[White "Stajcic, Nikola"]
[Black "Movsesian, Sergei"]
[Result "0-1"]
[WhiteElo "2325"]
[BlackElo "2470"]

1.d4 Nf6 2.Nf3 d6 3.c4 Nbd7 4.Nc3 e5 5.g3 c6 6.e4 Be7 7.Bg2 O-O 8.O-O Qc7
9.h3 a6 10.Be3 Re8 11.Rc1 b6 12.Re1 Bb7 13.d5 c5 14.a3 g6 15.Nd2 Nh5 16.Rb1 Qd8
17.b4 Bc8 18.bxc5 bxc5 19.Kh2 Bg5 20.Qa4 Bxe3 21.Rxe3 Qe7 22.Qc6 Rb8 23.Ree1 Rxb1
24.Rxb1 f5 25.Na4 Ndf6 26.Rb8 Bd7 27.Qc7 Rxb8 28.Qxb8+ Qf8 29.Qxf8+ Kxf8
30.Nc3 Ng7 31.f3 Ke7 32.Kg1 g5 33.Kf2 h6 34.Bf1 h5 35.Be2 Nge8 36.Bd3 f4
37.g4 hxg4 38.hxg4 Bxg4 39.fxg4 Nxg4+ 40.Ke2 Nh6 41.Nb3 g4 42.Na4 Kf6 43.Naxc5 dxc5
44.Nxc5 Kg5 45.Kf2 Kh4 46.Nd7 Nf7 47.Bf1 Ned6 48.Nf6 Ng5 49.Bd3 g3+ 50.Kg1 f3
51.Bf1 Ndxe4 52.Nd7 Nh3+  0-1

[Event "SVK-ch"]
[Site "Trencin"]
[Date "1995.??.??"]
[Round "11"]
[White "Movsesian, Sergei"]
[Black "Oral, Tomas"]
[Result "1-0"]
[WhiteElo "2470"]
[BlackElo "2410"]

1.d4 Nf6 2.c4 g6 3.Nc3 Bg7 4.Nf3 d5 5.cxd5 Nxd5 6.e4 Nxc3 7.bxc3 c5 8.Rb1 Nc6
9.d5 Na5 10.c4 b6 11.Be2 O-O 12.h4 e6 13.h5 exd5 14.cxd5 Re8 15.hxg6 hxg6
16.Rh4 Bf6 17.Rf4 Bg7 18.Rh4 Bf6 19.Rf4 Bg7 20.Qd3 c4 21.Qe3 f5 22.Nd4 Qf6
23.Bb2 c3 24.Bxc3 g5 25.Rf3 f4 26.Qd3 Qe7 27.Ne6 Bxc3+ 28.Qxc3 Bxe6 29.dxe6 Qxe6
30.Rb5 Qg6 31.Rh3 Rac8 32.Qh8+ Kf7 33.Rh7+  1-0

[Event "Zlin"]
[Site "Zlin"]
[Date "1995.??.??"]
[Round "?"]
[White "Vokac, Marek"]
[Black "Movsesian, Sergei"]
[Result "0-1"]
[WhiteElo "2475"]
[BlackElo "2470"]

1.d4 Nf6 2.Nc3 d5 3.Qd3 g6 4.Bg5 Bg7 5.f3 Nc6 6.O-O-O O-O 7.g4 Re8 8.Qd2 b6
9.h3 Bb7 10.e3 e5 11.Bb5 Qd6 12.Qh2 a6 13.Bxc6 Qxc6 14.Nge2 exd4 15.exd4 b5
16.Rd2 a5 17.Kb1 Nd7 18.h4 h6 19.Bf4 Nb6 20.b3 Ba6 21.Nd1 Rac8 22.g5 h5 23.Be5 Bf8
24.Qf4 Nd7 25.Nf2 b4 26.Re1 Qb6 27.Nc1 Re6 28.Red1 Nxe5 29.dxe5 Rce8 30.Nfd3 c5
31.Qg3 Bg7 32.f4 a4 33.Nb2 axb3 34.axb3 d4 35.Na4 Qa5 36.Nd3 c4 37.Ndc5 d3
38.cxd3 cxb3 39.d4 Bc4 40.Kb2 Rc6 41.Ra1 Bf8 42.Qf3 Qb5 43.Nxb3 Ra6 44.Nac5 Rxa1
45.Nxa1 Bxc5 46.dxc5 Qa5 47.Nb3 Qa3+ 48.Kc2 Rc8 49.Nd4 Qa2+  0-1

[Event "Zlin"]
[Site "Zlin"]
[Date "1995.??.??"]
[Round "?"]
[White "Movsesian, Sergei"]
[Black "Hausner, Ivan"]
[Result "1-0"]
[WhiteElo "2470"]
[BlackElo "2455"]

1.e4 e6 2.Nc3 d5 3.d4 Be7 4.e5 b6 5.h4 h5 6.Nf3 Ba6 7.Bxa6 Nxa6 8.Ng5 Qd7
9.Ne2 Nh6 10.Nf4 Nf5 11.Nxh5 g6 12.g4 Nxd4 13.Ng7+ Kf8 14.Qxd4 Kxg7 15.Bd2 Nb4
16.O-O-O Qa4 17.Bxb4 Qxb4 18.Qxb4 Bxb4 19.f4 Bc5 20.Rh3 Bf2 21.Rdh1 d4 22.Kd1 Be3
23.Rf1 a5 24.Ke2 a4 25.Ne4 Ra5 26.c4 c5 27.Nd6 Ra7 28.h5 f5 29.gxf5 gxf5
30.Rg3+ Kh7 31.Rg6 Re7 32.Rf6 Rg8 33.Nf7 Rg4 34.Ng5+ Rxg5 35.fxg5 Bxg5 36.Rg6 Bh6
37.Kd3 Bg7 38.b3 axb3 39.axb3 Bh6 40.Ra1 Be3 41.Ra6 f4 42.Ke4 Rd7 43.Rxe6 d3
44.Rd6  1-0

[Event "Zlin"]
[Site "Zlin"]
[Date "1995.??.??"]
[Round "?"]
[White "Movsesian, Sergei"]
[Black "Vaulin, Alexander"]
[Result "1/2-1/2"]
[WhiteElo "2470"]
[BlackElo "2490"]

1.e4 c5 2.Nf3 d6 3.Nc3 Nf6 4.d4 cxd4 5.Qxd4 a6 6.e5 Nc6 7.Qa4 Ng4 8.exd6 Qxd6
9.h3 Nf6 10.Bf4 Qb4 11.Qxb4 Nxb4 12.O-O-O e6 13.Ne5 Nfd5 14.Nxd5 Nxd5 15.Bg3 f6
16.Nc4 Bd7 17.Be2 Rc8 18.Rhe1 Kf7 19.a3 Be7 20.Na5 b6 21.Nb3 Ba4 22.Na1 Bb5
23.Bg4 f5 24.Bf3 Bc6 25.Nb3 Bf6 26.Nd4 Bxd4 27.Rxd4 Rhe8 28.Bh5+ g6 29.Be2 b5
30.Be5 Nb6 31.Bf1 Be4 32.c3 Bd5 33.Be2 Nd7 34.Bh2 Nc5 35.Kb1 Be4+ 36.Ka2 Bd5+
37.Kb1 Be4+ 38.Ka2 Red8 39.Red1 Rxd4 40.Rxd4 Bd5+ 41.Kb1 Be4+ 42.Ka2 Bd5+
43.Kb1 Bxg2 44.f3 g5 45.h4 h6 46.Be5 f4  1/2-1/2

[Event "Bad Homburg"]
[Site "Bad Homburg"]
[Date "1996.??.??"]
[Round "3"]
[White "Movsesian, Sergei"]
[Black "Unzicker, Wolfgang"]
[Result "1/2-1/2"]
[WhiteElo "2635"]
[BlackElo "2460"]

1.e4 e5 2.Nf3 Nc6 3.Bb5 a6 4.Ba4 Nf6 5.d3 d6 6.O-O Be7 7.c3 O-O 8.Re1 Bd7
9.Nbd2 Re8 10.Nf1 h6 11.Ng3 Bf8 12.h3 Na5 13.Bc2 c5 14.Nh2 d5 15.f4 exf4
16.Bxf4 dxe4 17.dxe4 Bc6 18.Ng4 Re6 19.Nxf6+ Qxf6 20.Qg4 Nc4 21.Nf5 Kh8 22.Qe2 Ne5
23.Qf2 Rae8 24.Ng3 Ng6 25.Be3 Qxf2+ 26.Bxf2 Ne5 27.Rad1 g6 28.Nf1 Nd7 29.Ne3 b5
30.Nd5 Bd6 31.a4 Bxd5 32.exd5 Rxe1+ 33.Rxe1 Rxe1+ 34.Bxe1 Nb6 35.axb5 axb5
36.Be4 Be5 37.b3 c4 38.bxc4 bxc4 39.Kf2 Na4 40.Ke3 Nxc3 41.Bxc3 Bxc3 42.d6 Ba5
43.Kd4  1/2-1/2

[Event "Bad Homburg"]
[Site "Bad Homburg"]
[Date "1996.??.??"]
[Round "5"]
[White "Hug, Werner"]
[Black "Movsesian, Sergei"]
[Result "1/2-1/2"]
[WhiteElo "2445"]
[BlackElo "2635"]

1.d4 Nf6 2.Nf3 g6 3.c3 Bg7 4.Bg5 Ne4 5.Bf4 d5 6.Nbd2 O-O 7.e3 Nxd2 8.Qxd2 Nd7
9.Be2 b6 10.O-O Bb7 11.b4 h6 12.Qb2 c6 13.a4 a5 14.Ra2 f6 15.Bg3 e5 16.c4 e4
17.Nd2 axb4 18.Qxb4 Kh7 19.Bd6 Rf7 20.cxd5 c5 21.dxc5 Nxc5 22.Bxc5 bxc5 23.Qb3 Bxd5
24.Bc4 Rb7 25.Qc2 Rb4 26.g3 Bc6 27.Nxe4 Bxa4 28.Qe2 Rc8 29.Nc3 Bc6 30.Rd1 Qe7
31.Bd5 Be8 32.Bf3 Rbb8 33.Qc4 f5 34.Nd5 Qf7 35.Ra5 Rb4 36.Qa6 Rbb8 37.Qc4 Rb4
38.Qa6 Rbb8  1/2-1/2

[Event "GER-ARM"]
[Site "Baden-Baden"]
[Date "1996.??.??"]
[Round "4"]
[White "Schlosser, Philipp"]
[Black "Movsesian, Sergei"]
[Result "0-1"]
[WhiteElo "2560"]
[BlackElo "2635"]

1.Nf3 Nf6 2.c4 c6 3.Nc3 d6 4.d4 Nbd7 5.e4 e5 6.Be2 g6 7.Be3 Bg7 8.d5 Qe7
9.Nd2 c5 10.O-O O-O 11.Kh1 Kh8 12.g4 Ng8 13.Rg1 Bh6 14.g5 Bg7 15.a3 b6 16.b4 f6
17.h4 fxg5 18.hxg5 h6 19.Nf3 hxg5 20.Nxg5 Bh6 21.Rg2 Ndf6 22.Rh2 Nh7 23.Nxh7 Qxh7
24.Qd2 Rxf2 25.Rxh6 Nxh6 26.Bxh6 Rf4 27.Kg2 Bh3+  0-1

[Event "CZE-chT 9596"]
[Site "?"]
[Date "1996.??.??"]
[Round "4"]
[White "Movsesian, Sergei"]
[Black "Koutsin, Sergey"]
[Result "1-0"]
[WhiteElo "2580"]
[BlackElo "2435"]

1.e4 e6 2.d4 d5 3.Nc3 Bb4 4.e5 c5 5.Bd2 Ne7 6.dxc5 Nbc6 7.Qg4 O-O 8.O-O-O b6
9.cxb6 Qxb6 10.a3 Ba5 11.b4 Nxb4 12.Be3 Qb8 13.axb4 Bxb4 14.Nb1 Ng6 15.Nf3 a5
16.c3 Be7 17.Rd2 a4 18.Rb2 Qc7 19.Bd4 a3 20.Ra2 Ba6 21.Nbd2 Rfb8 22.Bxa6 Rxa6
23.Kc2 Qc6 24.Rc1 h5 25.Qg3 Qa4+ 26.Kd3 Rb2 27.Rxb2 axb2 28.Rb1 Qb5+ 29.Kc2 Ra2
30.Nb3 h4 31.Qg4 Qe2+ 32.Nbd2 Qb5 33.Be3 Ba3 34.Nb3 Qe2+ 35.Bd2 Qxf2 36.g3 Qg2
37.Nxh4 Nxe5 38.Nxg2 Nxg4 39.h3 Ne5 40.Be3 Nf3 41.Nd4 Bd6 42.Nxf3  1-0

[Event "CZE-chT 9596"]
[Site "?"]
[Date "1996.??.??"]
[Round "5"]
[White "Movsesian, Sergei"]
[Black "Mrva, Martin"]
[Result "1-0"]
[WhiteElo "2580"]
[BlackElo "2385"]

1.e4 e5 2.Nf3 Nc6 3.Bb5 g6 4.Bxc6 dxc6 5.b3 c5 6.Bb2 f6 7.O-O Ne7 8.Ne1 g5
9.h4 g4 10.f4 Nc6 11.Nd3 Bd6 12.Nc3 exf4 13.Nd5 O-O 14.N3xf4 Be5 15.Bxe5 Nxe5
16.Ne3 f5 17.Qe1 fxe4 18.Nfd5 Be6 19.Qg3 Qd6 20.Rf6 Nf3+ 21.Kf2 Qe5 22.Qxe5 Nxe5
23.Ke2 Bxd5 24.Nxd5 c6 25.Ne7+ Kg7 26.Re6 Ng6 27.Nxg6 hxg6 28.Rxe4 g3 29.Rf1 Rxf1
30.Kxf1 Rf8+ 31.Ke1 Rf2 32.Re2 Rf4 33.Re7+ Kh6 34.Re3 Rxh4 35.Rxg3 b5 36.Ke2 Rh1
37.Rc3 c4 38.bxc4 b4 39.Rb3 a5 40.c3 bxc3 41.Rxc3 Rg1 42.Kf2 Rd1 43.Ke2 Rg1
44.g3 Rg2+ 45.Kd1 Rf2 46.Re3 Rf5 47.Kc2 Kh5 48.Re6 Rc5 49.Kc3 Rg5 50.Rxc6 Rxg3+
51.d3 Rg5 52.Rc8 Rf5 53.c5 Kg4 54.d4 Kf4 55.c6 Rf6 56.c7 g5 57.d5  1-0

[Event "CZE-chT 9596"]
[Site "?"]
[Date "1996.??.??"]
[Round "6"]
[White "Langner, Ladislav"]
[Black "Movsesian, Sergei"]
[Result "1-0"]
[WhiteElo "2360"]
[BlackElo "2580"]

1.e4 c5 2.f4 d5 3.exd5 Qxd5 4.Nc3 Qd8 5.Nf3 e6 6.Ne5 a6 7.b3 b5 8.Qf3 Ra7
9.a4 b4 10.Ne4 Bb7 11.Bb2 Nh6 12.Bd3 Be7 13.Qh5 Bxe4 14.Bxe4 O-O 15.Ng4 f5
16.Qxh6 Rf7 17.Qh5 fxe4 18.Qe5 Kh8 19.Qxe4 Bd6 20.O-O Rae7 21.Rf3 Nd7 22.Raf1 Re8
23.Rh3 Nf8 24.Rff3 Qc7 25.Ne5 Bxe5 26.Bxe5 Qa7 27.Rh5 Rd8 28.Rfh3 Rf5 29.Rxf5 exf5
30.Qxf5 c4+ 31.Kf1 cxb3 32.cxb3 Kg8 33.Rd3 Re8 34.Qe4 Qf7 35.Qc4 Ne6 36.Rd6 Qf5
37.Rd7 Kh8 38.Qd3 Qg4 39.Qf3 Qf5 40.Qd3 Qg4 41.Qf3 Qf5 42.Qg3 Rg8 43.Qh3 Qg6
44.Re7 Qb1+ 45.Kf2 Rd8 46.Qxe6 Rxd2+ 47.Kg3 Qe1+ 48.Kh3 Qe3+ 49.Kh4 Qe1+
50.Kh5 Qd1+ 51.Qg4  1-0

[Event "CZE-chT 9596"]
[Site "?"]
[Date "1996.??.??"]
[Round "8"]
[White "Pachman, Ludek"]
[Black "Movsesian, Sergei"]
[Result "1-0"]
[WhiteElo "2325"]
[BlackElo "2580"]

1.Nf3 Nf6 2.c4 d6 3.d4 Nbd7 4.Nc3 e5 5.Bg5 c6 6.e3 h6 7.Bh4 Qc7 8.Be2 g6
9.c5 exd4 10.cxd6 Qxd6 11.Nxd4 Qe7 12.O-O Bg7 13.e4 O-O 14.f4 Qb4 15.a3 Qb6
16.e5 Nd5 17.Nxd5 cxd5 18.Bf2 Qd8 19.Rc1 a6 20.Qb3 Nb6 21.Rfd1 Bd7 22.Nf3 Na4
23.Qxd5 Be6 24.Qxb7 Qb8 25.Qxb8 Rfxb8 26.b4 a5 27.b5 Bf8 28.Nd4 Bxa3 29.Ra1 Nc3
30.Rxa3 Nxd1 31.Bxd1 Bd5 32.Ba4 Rc8 33.Nc6 Kg7 34.Be3 Rc7 35.Kf2 Rb7 36.Rc3 Rc8
37.Bd4 Bxc6 38.Rxc6 Rd8 39.Ke3 Kf8 40.b6  1-0

[Event "CZE-chT 9596"]
[Site "?"]
[Date "1996.??.??"]
[Round "9"]
[White "Movsesian, Sergei"]
[Black "Ftacnik, Lubomir"]
[Result "1-0"]
[WhiteElo "2580"]
[BlackElo "2585"]

1.e4 c5 2.Nf3 d6 3.d4 cxd4 4.Nxd4 Nf6 5.Nc3 a6 6.Be3 Ng4 7.Bg5 h6 8.Bh4 g5
9.Bg3 Bg7 10.Be2 h5 11.h4 gxh4 12.Rxh4 Nc6 13.Nb3 Be6 14.Qd2 Qb6 15.Nd5 Bxd5
16.exd5 Nce5 17.O-O-O Bh6 18.f4 Qe3 19.Qxe3 Nxe3 20.fxe5 Nf5+ 21.Kb1 Nxg3
22.exd6 Bg5 23.Rb4 Nxe2 24.dxe7 b5 25.d6 Rh6 26.Nc5 Ng3 27.Nxa6 Kd7 28.Nc7 Rxd6
29.Rxd6+ Kxc7 30.Rd3 Bxe7 31.Rxb5 Rg8 32.a4 Bd6 33.Rc3+ Kd7 34.Rb7+ Ke6 35.Re3+ Kf6
36.Rb6 Nf5 37.Rf3 Ke6 38.c4 Rc8 39.Rxf5 Kxf5 40.Rxd6 Rxc4 41.b3 Rg4 42.Rd2 Ke4
43.a5 Rg8 44.Kb2 Ke3 45.Rc2 f5 46.b4 Ra8 47.Kb3 f4 48.Ka4 h4 49.b5  1-0

[Event "CZE-chT1 9596"]
[Site "CZE"]
[Date "1996.??.??"]
[Round "?"]
[White "Movsesian, Sergei"]
[Black "Plesek, Jiri"]
[Result "1-0"]
[WhiteElo "2435"]
[BlackElo "2330"]

1.e4 e5 2.Nf3 Nc6 3.Bc4 Bc5 4.d3 d6 5.O-O Nf6 6.c3 Bg4 7.Nbd2 Qd7 8.a4 a5
9.Bb5 O-O 10.Nc4 Qe7 11.Bg5 h6 12.Bh4 g5 13.Bg3 Nh5 14.Bxc6 bxc6 15.Nxa5 f5
16.exf5 Rxf5 17.b4 Nxg3 18.hxg3 Rxa5 19.bxa5 Qf6 20.Qb3+ Kg7 21.d4 Rxf3 22.dxc5  1-0

[Event "BL2-N9596"]
[Site "Germany"]
[Date "1996.??.??"]
[Round "?"]
[White "Votava, Jan"]
[Black "Movsesian, Sergei"]
[Result "1/2-1/2"]
[WhiteElo "2440"]
[BlackElo "2470"]

1.e4 c5 2.c3 d6 3.d4 Nf6 4.Bd3 Nc6 5.Ne2 g6 6.f3 Bg7 7.Be3 O-O 8.Qd2 e5 9.d5 Ne7
10.c4 Ne8 11.Nbc3 f5 12.a3 b6 13.Rb1 f4 14.Bf2 g5 15.h3 Ng6 16.Kd1 Bd7 17.Kc2 Nc7
18.b4 Qe8 19.Nc1 h5 20.Nb3 Rf7 21.Qe2 Bf8 22.b5 a6 23.a4 a5 24.Rbg1 Qe7 25.Be1 Bg7
26.Nd1 Ne8 27.Bc3 Bf6 28.Qf1 Qf8 29.Be2 Bd8 30.Nf2 Ra7 31.Nd2 Bc8 32.Qd1 Rf6
33.Kb3 Rg7 34.Nf1 Qf7 35.Nd2 Kf8 36.Nf1 Qg8 37.Nd2 Nh8 38.Nd3 Nf7 39.g3 fxg3
40.Rxg3 Rfg6 41.Nf1 Nh6 42.Rg2 Nf6 43.Nf2 h4 44.Ne3 Nh5 45.Nfg4 Nf4 46.Rgh2 Rf7
47.Bf1 Ke8 48.Rf2 Qf8 49.Rhh2 Nh5 50.Be1 Nf4  1/2-1/2

[Event "BL2-N9596"]
[Site "Germany"]
[Date "1996.??.??"]
[Round "?"]
[White "Hochgraefe, Markus"]
[Black "Movsesian, Sergei"]
[Result "0-1"]
[WhiteElo "2270"]
[BlackElo "2580"]

1.d4 Nf6 2.c4 d6 3.Nc3 Nbd7 4.e4 e5 5.Nf3 c6 6.Be2 g6 7.O-O Bg7 8.Re1 O-O
9.Bf1 exd4 10.Nxd4 Re8 11.Rb1 Nc5 12.f3 a5 13.Be3 Nh5 14.g4 Nf6 15.Qd2 h5
16.g5 Nh7 17.h4 f6 18.Nb3 Ne6 19.f4 fxg5 20.hxg5 Rf8 21.Rbd1 a4 22.Nc1 a3
23.N1e2 axb2 24.Qxb2 Nexg5 25.fxg5 Nxg5 26.Bg2 Nf3+ 27.Bxf3 Rxf3 28.Qd2 Qh4
29.Nf4 Rg3+ 30.Ng2 Bxc3 31.Qxc3 Rxg2+ 32.Kxg2 Bh3+ 33.Kh2 Bg4+ 34.Kg2 Qh3+  0-1

[Event "BL2-N9697"]
[Site "Germany"]
[Date "1996.??.??"]
[Round "?.1"]
[White "Movsesian, Sergei"]
[Black "Lagunow, Alexander"]
[Result "1-0"]
[WhiteElo "2635"]
[BlackElo "2425"]

1.e4 c5 2.Nf3 d6 3.d4 cxd4 4.Nxd4 Nf6 5.Nc3 Nc6 6.Bc4 Qb6 7.Nb3 e6 8.Bf4 Ne5
9.Be2 Bd7 10.Be3 Qc7 11.g4 d5 12.exd5 Bb4 13.dxe6 Bxe6 14.Qd4 Nc6 15.Qf4 Qxf4
16.Bxf4 Bxg4 17.f3 Bf5 18.O-O-O Bxc3 19.bxc3 O-O 20.Rhe1 Rac8 21.Kb2 Rfe8
22.c4 b6 23.Bd3 Bg6 24.a3 Bh5 25.Bf5 Ra8 26.Rf1 Ne5 27.Nd2 h6 28.Rde1 Ned7
29.Bd6 Nc5 30.Be7 Nfd7 31.Re3 Ne6 32.Bh4 Ndc5 33.Rfe1 g5 34.Bg3 Bg6 35.Bxg6 fxg6
36.f4 g4 37.Re5 Ng7 38.Bf2 Rxe5 39.Rxe5 Nce6 40.Ne4 Rf8 41.Be3 Nxf4 42.c5 bxc5
43.Bxc5 Rf7 44.Be3 g5 45.Ra5 Nf5 46.Bxa7 Ne2 47.c4 Nfd4 48.Bc5 Rf4 49.Ra8+ Kf7
50.Ng3 Nxg3 51.hxg3 Re4 52.Kc3 Nc6 53.a4 Ne5 54.Bd4 Nc6 55.Bb6 h5 56.a5 h4
57.a6 Re7 58.a7 Kg7 59.Rg8+  1-0

[Event "BL2-N9596"]
[Site "Germany"]
[Date "1996.??.??"]
[Round "?"]
[White "Movsesian, Sergei"]
[Black "Lagunow, Alexander"]
[Result "0-1"]
[WhiteElo "2470"]
[BlackElo "2395"]

1.e4 c5 2.Nf3 d6 3.Nc3 Nc6 4.Bb5 Bd7 5.Bxc6 Bxc6 6.d4 cxd4 7.Qxd4 Nf6 8.Bg5 e6
9.O-O-O Be7 10.Qd3 Qa5 11.Kb1 O-O 12.h4 h6 13.Bd2 Qa6 14.Qxa6 bxa6 15.Rhe1 e5
16.Bc1 Rac8 17.b3 Ng4 18.Re2 f5 19.Nd5 Bd8 20.Nd2 Bxh4 21.f3 Nf2 22.Rxf2 Bxd5
23.Re2 Be6 24.exf5 Bxf5 25.Nc4 e4 26.Nxd6 exf3 27.gxf3 Rcd8 28.Ba3 Bg3 29.Red2 Bg6
30.Rg1 Rxf3 31.Ne4 Rxd2 32.Nxd2 Re3 33.Bc5 Re1+ 34.Rxe1 Bxe1 35.Kc1 h5 36.Kd1 Bg3
37.Bxa7 h4 38.Nf1 Be5 39.Bf2 h3 40.Bg1 Be4 41.Bh2 Bc3 42.Nd2 Bf5 43.Nf3 Kf7
44.Ke2 Kf6 45.Kf2 g5 46.Bc7 g4 47.Nh2 Kg5 48.Nf1 Bxc2 49.Kg3 Be1+ 50.Kh2 Bd3
51.Ng3 Bb4 52.Nh1 Bb1 53.a4 a5 54.Nf2 Bc2 55.Kg3 Be1 56.Bd8+ Kf5 57.Bxa5 Bxf2+
58.Kxf2 h2 59.Kg2 g3  0-1

[Event "Lazne Bohdanec"]
[Site "Lazne Bohdanec"]
[Date "1996.??.??"]
[Round "5"]
[White "Jirovsky, Milos"]
[Black "Movsesian, Sergei"]
[Result "1/2-1/2"]
[WhiteElo "2420"]
[BlackElo "2580"]

1.c4 d6 2.Nc3 e5 3.g3 Nd7 4.Bg2 Ngf6 5.d3 c6 6.e4 Be7 7.Nge2 h5 8.f4 h4 9.Be3 exf4
10.gxf4 Ng4 11.Bg1 h3 12.Bf3 Bh4+ 13.Ng3 Ndf6 14.Qd2 Nh5 15.Ne2 g5 16.f5 Ne5
17.Bxh5 Rxh5 18.O-O-O Rh6 19.Qc3 g4 20.d4 Bg5+ 21.Kb1 Nf3 22.Be3 d5 23.e5 Bxe3
24.Qxe3 Qg5 25.Qxg5 Nxg5 26.cxd5 cxd5 27.Rhf1 Nf3 28.Rf2 Bd7 29.Nf4 O-O-O
30.f6 Kb8 31.b3 Bc8 32.Kb2 Rhh8 33.a4 Ng5 34.Rc2 Rhg8 35.Rc3 Nf3 36.Rc2 Ng5
37.Re2 Nf3 38.Kc3 Nh4 39.Rf2 Rg5 40.Kd2 Bd7 41.Rc1 Rgg8 42.Ke3 Rc8 43.Rfc2 Rxc2
44.Rxc2 Nf5+ 45.Nxf5 Bxf5 46.Rc1 g3 47.hxg3 h2 48.Rh1 Rxg3+ 49.Kf2 Rg4 50.Kf3 Rh4
51.Kg3 Rg4+ 52.Kf3 Rh4 53.Kg3 Rg4+  1/2-1/2

[Event "Lazne Bohdanec"]
[Site "Lazne Bohdanec"]
[Date "1996.??.??"]
[Round "6"]
[White "Keitlinghaus, Ludger"]
[Black "Movsesian, Sergei"]
[Result "0-1"]
[WhiteElo "2475"]
[BlackElo "2580"]

1.e4 c5 2.c3 Qa5 3.Nf3 Nc6 4.Bc4 d6 5.O-O Nf6 6.Re1 b5 7.Bd5 Bd7 8.b4 cxb4
9.cxb4 Qb6 10.a4 Nxd5 11.exd5 Nxb4 12.Nc3 g6 13.a5 Qd8 14.d4 Qc7 15.Qd2 Bg7
16.Nxb5 Bxb5 17.Qxb4 Rb8 18.Bg5 f6 19.Rac1 Qd7 20.Bf4 Kf7 21.Re6 Rhc8 22.Rce1 Bf8
23.Qb1 Bc4 24.Qe4 Rb5 25.Bxd6 exd6 26.Qf4 Kg8 27.Rxf6 Bxd5 28.Ng5 Re8 29.Rc1 Be7
30.Nxh7 Kxh7  0-1

[Event "Lazne Bohdanec"]
[Site "Lazne Bohdanec"]
[Date "1996.??.??"]
[Round "8"]
[White "Meduna, Eduard"]
[Black "Movsesian, Sergei"]
[Result "1/2-1/2"]
[WhiteElo "2435"]
[BlackElo "2580"]

1.d4 Nf6 2.c4 g6 3.Nc3 Bg7 4.e4 d6 5.Be2 O-O 6.Bg5 c6 7.Qd2 a6 8.Nf3 b5 9.a3 bxc4
10.Bxc4 Bg4 11.Be2 d5 12.exd5 cxd5 13.h3 Bf5 14.Ne5 Ne4 15.Nxe4 Bxe4 16.f3 Bf5
17.g4 Bc8 18.Be3 f6 19.Nd3 e5 20.Rc1 Be6 21.O-O Bf7 22.b4 Nd7 23.Nc5 exd4
24.Bxd4 Ne5 25.Qc3 Nc6 26.Bf2 f5 27.Qd2 fxg4 28.fxg4 d4 29.Bg3 Bd5 30.Ne6 Bxe6
31.Rxc6 Qd5 32.Rc7 d3 33.Qxd3 Bd4+ 34.Kh2 Rxf1 35.Bxf1 Rf8 36.Qe2 Bf7 37.Bg2 Qb3
38.Qd2 Bg1+ 39.Kxg1 Qxg3 40.Qc3 Qd6 41.Rc6 Qd1+ 42.Kh2 Qe2 43.Rc8 Rxc8 44.Qxc8+ Kg7
45.Qc3+ Kg8 46.a4 Be8 47.Kg3 Qe6 48.Qd4 Qb3+ 49.Kh4 Bf7 50.Kg5 Qg3 51.Qd8+ Kg7
52.Qf6+ Kf8 53.Qd8+ Kg7 54.Qf6+  1/2-1/2

[Event "Lazne Bohdanec"]
[Site "Lazne Bohdanec"]
[Date "1996.??.??"]
[Round "10"]
[White "Vokac, Marek"]
[Black "Movsesian, Sergei"]
[Result "1/2-1/2"]
[WhiteElo "2455"]
[BlackElo "2580"]

1.d4 Nf6 2.c4 d6 3.Nc3 Nbd7 4.Nf3 e5 5.e4 g6 6.h3 exd4 7.Nxd4 Bg7 8.Bd3 O-O
9.O-O Re8 10.Bc2 Nc5 11.Re1 c6 12.Nf3 Be6 13.Bf4 Bf8 14.b3 Nh5 15.Bg5 Qa5
16.Bd2 Qc7 17.Rc1 Bg7 18.Bb1 Rad8 19.Bg5 Rd7 20.Qd2 f6 21.Be3 Bf8 22.Bd4 Rf7
23.g4 Ng7 24.b4 Nd7 25.Nd5 Qd8 26.Nf4 Ne5 27.Qe2 Bc8 28.Rcd1 Qc7 29.Ng2 h5
30.Nh2 hxg4 31.hxg4 d5 32.cxd5 cxd5  1/2-1/2